Statistics for Family Guy characters by picture

Click here to take the quiz!

General Stats

  • This quiz has been taken 247 times
  • The average score is 11 of 12

Answer Stats

Answer% Correct
Peter
100%
Lois
98%
Meg
98%
Stewie
98%
Brian
97%
Chris
96%
Cleveland
94%
Quagmire
94%
Joe
91%
Herbert
79%
Mort
71%
Tom Tucker
70%

Score Distribution

Percentile by Number Answered

Percent of People with Each Score

Your Score History

You have not taken this quiz